00443 a2200157 450000100060000002000180000604000240002424000340004824500290008230000060011136200060011765000390012394200070016295200990016999900170026845679 a9788589962032 cAnchieta - Aquarius10aCiência hoje na escolalpor10aCiência hoje na escola a 0 a0 4aCiências naturais e matemática cBK 00104070a87.1b87.1d2023-11-21l0o500 CIEp2841/AQUr2023-11-21 15:11:55w2023-11-21yBK c45679d45679